|
|
|
|
| LEADER |
00000nam0a2200000 4500 |
| 001 |
305129 |
| 005 |
20231102001754.0 |
| 035 |
|
|
|a (RuTPU)RU\TPU\book\330395
|
| 090 |
|
|
|a 305129
|
| 100 |
|
|
|a 20150924d1982 k y0rusy50 ca
|
| 101 |
0 |
|
|a rus
|
| 102 |
|
|
|a RU
|
| 105 |
|
|
|a a z 001zy
|
| 200 |
1 |
|
|a Геодезические работы при монтаже и эксплуатации технологического оборудования
|e межвузовский сборник
|f Новосибирский институт инженеров геодезии, аэрофотосъемки и картографии (НИИГАиК) ; под ред. В. Г. Конусова
|
| 210 |
|
|
|a Новосибирск
|c Изд-во НИИГАИК
|d 1982
|
| 215 |
|
|
|a 83 с.
|c ил.
|
| 225 |
1 |
|
|a Межвузовский сборник [Новосибирского института инженеров геодезии, аэрофотосъемки и картографии (НИИГАиК)]
|v Т. 16 (56)
|
| 320 |
|
|
|a Библиография в конце статей
|
| 320 |
|
|
|a Библиография в конце статей
|
| 606 |
1 |
|
|a Технологическое оборудование
|x Монтаж
|2 stltpush
|3 (RuTPU)RU\TPU\subj\60146
|9 77635
|
| 610 |
1 |
|
|a геодезические работы
|
| 610 |
1 |
|
|a эксплуатация
|
| 610 |
1 |
|
|a точность
|
| 610 |
1 |
|
|a измерения
|
| 610 |
1 |
|
|a осадка
|
| 610 |
1 |
|
|a машинные залы
|
| 610 |
1 |
|
|a нивелирование
|
| 610 |
1 |
|
|a цементобетонные заводы
|
| 610 |
1 |
|
|a деформации
|
| 610 |
1 |
|
|a турбоагрегаты
|
| 675 |
|
|
|a 69.057.16
|v 4
|
| 702 |
|
1 |
|a Конусов
|b В. Г.
|g Виктор Геннадиевич
|4 340
|
| 712 |
0 |
2 |
|a Новосибирский институт инженеров геодезии, аэрофотосъемки и картографии (НИИГАиК)
|c (1939-1994)
|2 stltpush
|3 (RuTPU)RU\TPU\col\8121
|
| 801 |
|
1 |
|a RU
|b 63413507
|c 20150924
|
| 801 |
|
2 |
|a RU
|b 63413507
|c 20180711
|g RCR
|
| 942 |
|
|
|c BK
|